00663nam a2200157Ia 4500008004100000082001700041100002200058245008600080260002100166300001100187440005200198500008400250650006300334952009100397999001700488120622s9999 xx 000 0 und d a153.15 B894h aBruner, Jerome S. aHacia una teoría de la instrucción / Jerome S. Bruner ; tr. por Nuria Parés aMéxico : UTEHA a234 p. aManuales UTEHA ; 373. Sección 17. Educación aIncluye índice alfabético \ Traducción de: Toward a theory of instruction a1. PSICOLOGIA DEL APRENDIZAJE \ 2. PSICOLOGIA EDUCATIVAÌ 00104070a01b01d2007-01-25l0o153.15 B894Hp01 009027r2012-06-24w2012-06-24yLB c58758d58758